| 000 | 00438nam a2200157Ia 4500 | ||
|---|---|---|---|
| 008 | 190717s9999 xx 000 0 und d | ||
| 100 | _aTacio, Henrylito | ||
| 245 | 2 | _aA Fight against poverty/ | |
| 245 | _cHenrylito Tacio | ||
| 260 | _bFAME Inc. | ||
| 260 | _c2018 | ||
| 300 | _aPages 44-45, June 2018 | ||
| 440 |
_aHealth and Lifestyle: The Enabler of Dreams _v12/30/1899 5:06:00 PM |
||
| 650 | _aHuman rights | ||
| 650 | _aPoverty | ||
| 999 |
_c361973 _d361973 |
||